000 00562nam a2200193Ia 4500
003 GCL
008 140319s9999 xx 000 0 ara d
040 _aGCL /
_cGCL
082 0 4 _a701.17
_bح ا
100 1 _aحسن محمد حسن محمد
245 1 0 _aالاصول الجمالية للفن الحديث /
_cحسن محمد حسن محمد
260 _a[S.N] :
_bدار الفكر العربى
490 _a
650 0 4 _aالفلسفة
650 0 4 _aعلم الجمال
650 0 4 _aالفن
650 0 4 _aالفن الحديث
942 _2ddc
_cBK
999 _c32692
_d32692